LIBRARY & INFORMATION CENTRE, KCAET, TAVANUR

ONLINE PUBLIC ACCESS CATALOGUE (OPAC)

Food packaging / (Record no. 14576)

MARC details
000 -LEADER
fixed length control field 00539pam a2200181 a 4500
003 - CONTROL NUMBER IDENTIFIER
control field OSt
008 - FIXED-LENGTH DATA ELEMENTS--GENERAL INFORMATION
fixed length control field 891114s1990 caua b 001 0 eng
020 ## - INTERNATIONAL STANDARD BOOK NUMBER
ISBN 0123935903 (alk. paper)
082 00 - DEWEY DECIMAL CLASSIFICATION NUMBER
Classification number 664.028
Item number KAD/FO
245 00 - TITLE STATEMENT
Title Food packaging /
260 ## - PUBLICATION, DISTRIBUTION, ETC. (IMPRINT)
Place of publication San Diego :
Name of publisher Academic Press,
Year of publication c1990.
300 ## - PHYSICAL DESCRIPTION
Number of Pages xv, 424 p. :
Other physical details ill. ;
650 #0 - SUBJECT ADDED ENTRY--TOPICAL TERM
Topical Term Food
700 1# - ADDED ENTRY--PERSONAL NAME
Personal name Kadoya, Takashi,
856 42 - ELECTRONIC LOCATION AND ACCESS
Uniform Resource Identifier <a href="http://www.loc.gov/catdir/description/els032/89018381.html">http://www.loc.gov/catdir/description/els032/89018381.html</a>
856 41 - ELECTRONIC LOCATION AND ACCESS
Uniform Resource Identifier <a href="http://www.loc.gov/catdir/toc/els031/89018381.html">http://www.loc.gov/catdir/toc/els031/89018381.html</a>
942 ## - ADDED ENTRY ELEMENTS (KOHA)
Koha item type Books
Holdings
Withdrawn status Lost status Damaged status Collection code Home library Current library Shelving location Date acquired Source of acquisition Cost, normal purchase price Full call number Accession Number Koha item type
        KAUAET KAUAET General Stacks 18/07/2016 Ganesh Book Centre 3295.00 664.028 KAD/FO 24857 Books
        KAUAET KAUAET KAU- SC Sub plan 31/03/2022 TBS 3995.00 664.028 KAD/FO 26064 Books
free website counter